• 首页
  • 本馆介绍
  • 公告通知
  • 最新文献
  • 馆藏检索
  • 电子资源
  • 读者导购
  • 参考咨询
  • 我的图书馆
  • 登录
  • 详细信息显示
  • 放入我的书架
  • 预约/预借图书
  • 作者相关作品
  • 分类相关作品
  • 丛书相关作品
  • 出版社相关作品

书目信息

  • 表格格式
  • 工作单格式
  • 卡片格式
题名:
美丽英文全集
    
 
作者: 方雪梅 编译
分册:   励志卷
出版信息: 哈尔滨   哈尔滨出版社  2009.02
页数: 308页
开本: 23cm
丛书名:
单 册:
中图分类: H319.4:B848.4
科图分类:
主题词: 英语--汉语--对照读物 , 成功心理--通俗读物 , 英语 , 汉语 , 成功心理
电子资源:
ISBN: 978-7-80753-511-9
000 00944nam0 2200301 450
001 012004313330
005 20091202090500.37
010    @a978-7-80753-511-9@dCNY26.80
100    @a20090211d2009 em y0chiy0110 ea
101 2  @achi@aeng
102    @aCN@b230000
105    @ay z 000yy
106    @ar
200 1  @a美丽英文全集@9mei li ying wen quan ji@i励志卷@f方雪梅编译
210    @a哈尔滨@c哈尔滨出版社@d2009.02
215    @a308页@d23cm
300    @a英语学习的素材 文学欣赏之读本
330    @a本书精选百余则短小精悍的励志作品,归纳为4卷,包括“从零开始”、“我们在旅途中”、“永远也不要低估”、“品味现在”等。
510 1  @aBeautiful English@zeng
606 0  @a英语@x汉语@j对照读物
606 0  @a成功心理@j通俗读物
606 0  @a英语
606 0  @a汉语
606 0  @a成功心理
690    @aH319.4:B848.4@v4
701  0 @a方雪梅@9fang xue mei@4编译
801  0 @aCN@bNLC@c20091202
905    @b794288-93@dH319.4:B848.4@e1547@f6
    
    美丽英文全集.励志卷/方雪梅编译.-哈尔滨:哈尔滨出版社,2009.02
    308页;23cm
    英语学习的素材 文学欣赏之读本
    
    ISBN 978-7-80753-511-9:CNY26.80
    本书精选百余则短小精悍的励志作品,归纳为4卷,包括“从零开始”、“我们在旅途中”、“永远也不要低估”、“品味现在”等。
●
相关链接 在E读中查询图书 在五车中查询图书 在当当中查询图书 在豆瓣中查询图书


正题名:美丽英文全集     索取号:H319.4:B848.4/1547         预约/预借

序号 登录号 条形码 馆藏地/架位号 状态 备注
1 794288   207942887   第二样本阅览室/ [索取号:H319.4:B848.4/1547] 在馆    
2 794289   207942896   第四借阅区/ [索取号:H319.4:B848.4/1547] 在馆    
3 794290   207942903   第四借阅区/ [索取号:H319.4:B848.4/1547] 在馆    
4 794291   207942912   第四借阅区/ [索取号:H319.4:B848.4/1547] 在馆    
5 794292   207942921   第四借阅区/ [索取号:H319.4:B848.4/1547] 在馆    
唐山师范学院图书馆 欢迎您!
大连网信软件有限公司© 版权所有